| 000 | 00403nam a22001697a 4500 | ||
|---|---|---|---|
| 003 | NUST | ||
| 005 | 20210826115206.0 | ||
| 008 | 191107b ||||| |||| 00| 0 eng d | ||
| 038 | _aMSOHAIL | ||
| 040 | _cDLC | ||
| 082 |
_a954.9204 _bSID |
||
| 100 |
_aSiddique Salik _925362 |
||
| 245 | _aMein Ne Dhaka Doobte Dekha | ||
| 260 |
_aLahore _bMaktaba Sarmad, _c2013 |
||
| 300 | _ap;288 | ||
| 942 |
_2ddc _cBK |
||
| 999 |
_c532065 _d532065 |
||